[Event "Tuapse Rapid op"]
[Site "Tuapse"]
[Date "2021.07.06"]
[Round "1"]
[White "Nikolaeva, Aleksandra"]
[Black "Smirnov, Pavel"]
[Result "0-1"]
[WhiteElo "1392"]
[BlackElo "2544"]
[PlyCount "68"]
[EventDate "2021.07.06"]
[EventType "swiss (rapid)"]
[EventRounds "9"]
[EventCountry "RUS"]
[SourceTitle "CBM 203 Extra"]
[Source "ChessBase"]
[SourceDate "2021.09.30"]
[SourceVersion "1"]
[SourceVersionDate "2021.09.30"]
[SourceQuality "1"]

1. c4 e6 2. Nc3 d5 3. cxd5 exd5 4. d4 c6 5. g3 Nf6 6. Bg2 Bf5 7. Nf3 Nbd7 8. 0-0 h6 9. a3 Be7 10. Bf4 0-0 11. Re1 Re8 12. Be5 Nxe5 13. Nxe5 Bd6 14. Nf3 a5 15. Qd2 Ne4 16. Nxe4 dxe4 17. Nh4 Bh7 18. Bh1 f5 19. e3 g5 20. Ng2 Kg7 21. Qc3 Qf6 22. Rad1 Bg8 23. Rc1 Bd5 24. Qd2 a4 25. Qd1 b5 26. Re2 Qf7 27. Qc2 Be7 28. Ree1 h5 29. Re2 Reb8 30. Ra1 b4 31. Ree1 bxa3 32. bxa3 Rb3 33. Reb1 Bxa3 34. Rxb3 axb3 0-1